| 000 | 01411nac a22003251u 4500 | ||
|---|---|---|---|
| 999 |
_c9246 _d9246 |
||
| 003 | EG-ScBUE | ||
| 005 | 20210524122733.0 | ||
| 008 | 200219s2005 ii f b 000 pbeng d | ||
| 020 | _a8175810807 | ||
| 040 |
_aEG-ScBUE _beng _erda _cEG-ScBUE _dEG-ScBUE |
||
| 082 | 0 | 4 |
_a821.7 _bMUK _222 |
| 100 | 1 |
_aMukherjee, S. K., _eauthor. |
|
| 240 | 1 | 0 |
_aPoems. _kSelections |
| 245 | 1 | 0 |
_aWilliam Wordsworth : _ba detailed consideration of selected poems-with the text, introduction, appreciation, explanation and annotations / _cS. K. Mukherjee, professor of English, Midnapore College, Midnapore, formerly, professor of English, Scottish Church College, Calcutta and examiner in English, Calcutta University and Rajinder Paul, Department of English, Hans Raj College, University of Delhi. |
| 250 | _aTwentieth edition. | ||
| 264 | 1 |
_aNew Delhi : _bRama Brothers India Pvt. Ltd., _c2005. |
|
| 300 |
_aviii, 303 pages ; _c20 cm |
||
| 336 |
_2rdacontent _atext _btxt |
||
| 337 |
_2rdamedia _aunmediated _bn |
||
| 338 |
_2rdacarrier _avolume _bnc |
||
| 500 | _aDistributer: Al-Ahram. | ||
| 504 | _aIncludes bibliographical references. | ||
| 600 | 1 | 7 |
_aWordsworth, William, _d1770-1850. _xPoems. _2BUEsh |
| 650 | 7 |
_aEnglish poetry _y19th century. _2BUEsh |
|
| 651 | _2BUEsh | ||
| 653 |
_bHHUUEENN _cMay2021 |
||
| 655 |
_vReading book _934232 |
||
| 700 | 1 |
_aPaul , Rajinder, _eauthor. |
|
| 942 |
_cBB _k821.7MUK _2ddc |
||